| 000 | 01620cam a2200373 i 4500 | ||
|---|---|---|---|
| 999 |
_c535537 _d535537 |
||
| 001 | 19175097 | ||
| 003 | NUST | ||
| 005 | 20200917111242.0 | ||
| 008 | 160713s2017 enka b 001 0 eng | ||
| 010 | _a 2016032579 | ||
| 020 | _a9780470972892 (cloth) | ||
| 020 | _z9781118700396 (epub) | ||
| 038 | _aMSOHAIL | ||
| 040 |
_aDLC _beng _cDLC _erda _dDLC |
||
| 042 | _apcc | ||
| 050 | 0 | 0 |
_aTH1065 _b.B89 2017 |
| 082 | 0 | 0 |
_a693.82 _223 _bBUC |
| 100 | 1 |
_aBuchanan, Andrew Hamilton, _d1948- _eauthor. _930143 |
|
| 245 | 1 | 0 |
_aStructural design for fire safety / _cAndrew H. Buchanan & Anthony K. Abu. |
| 250 | _aSecond edition. | ||
| 264 | 1 |
_aChichester, West Sussex, United Kingdom : _bJohn Wiley & Sons Inc., _c2017. |
|
| 300 |
_axxi, 415 pages : _billustrations ; _c25 cm |
||
| 336 |
_atext _btxt _2rdacontent |
||
| 337 |
_aunmediated _bn _2rdamedia |
||
| 338 |
_avolume _bnc _2rdacarrier |
||
| 504 | _aIncludes bibliographical references and index. | ||
| 505 | 0 | _aFire safety in buildings -- Fires and heat -- Fire severity and fire resistance -- Design of structures exposed to fire -- Steel structures -- Concrete structures -- Composite structures -- Timber structures -- Light frame construction advanced calculation methods -- Design recommendations. | |
| 650 | 0 |
_aBuilding, Fireproof. _924937 |
|
| 650 | 0 |
_aStructural engineering. _930144 |
|
| 700 | 1 |
_aAbu, Anthony, _eauthor. _930145 |
|
| 906 |
_a7 _bcbc _corignew _d1 _eecip _f20 _gy-gencatlg |
||
| 942 |
_2ddc _cBK |
||